000 01585cam a22003374a 4500
001 15637683
003 NUST-PNEC
005 20170116180826.0
008 090225s2009 nyua 001 0 eng
010 _a 2009007907
020 _a0070990093
020 _a007060228X
035 _a(OCoLC)ocn244060715
040 _aDLC
_cLIBRARY
050 0 0 _aQA331.7
_b.S33 2009
082 0 0 _a515.63 SPI
100 _9166
_aSpiegel, Murray R.
245 0 0 _aSchaum's outlines :Vector analysis:480 fully solved problems
_cMurray R. Spiegel ... [et al.].
246 3 0 _aComplex variables
260 _aSingapore:
_bMcGraw-Hill (India)Pvt.Ltd.
_cc1981.
300 _aix, 225 p. :
_bill. ;
_c28 cm.
490 1 _aSchaum's outline series
505 0 _aComplex numbers -- Functions, limits, and continuity -- Complex differentiation and the Cauchy-Riemann equations -- Complex integration and Cauchy's theorem -- Cauchy's integral formulas and related theorems -- Infinite series Taylor's and Laurent's series -- The residue theorem evaluation of integrals and series -- Conformal mapping -- Physical applications of conformal mapping -- Special topics.
650 0 _aFunctions of complex variables.
_x ME
650 0 _aFunctions of several complex variables.
700 1 _aSpiegel, Murray R.
830 0 _aSchaum's outline series.
906 _a7
_bcbc
_corignew
_d1
_eecip
_f20
_gy-gencatlg
942 _2ddc
_cBK
999 _c63867
_d63867